| 000 | 00695nam a2200301Ia 4500 | ||
|---|---|---|---|
| 008 | 210210b2008 xxu||||| |||| 00| 0 eng d | ||
| 020 | _a9780091921323 | ||
| 041 | _aeng | ||
| 082 | _a824.914 HERG | ||
| 100 | _aHERMAN (Arthur) | ||
| 245 |
_aGandhi and churchill _bEpic rivalry that destroyed an empire and forged our age |
||
| 260 |
_aLondon _bHutchinson _c2008 |
||
| 300 | _a721 | ||
| 650 | _athat | ||
| 650 | _arivalry | ||
| 650 | _aour | ||
| 650 | _aGandhi | ||
| 650 | _aforged | ||
| 650 | _aEpic | ||
| 650 | _aempire | ||
| 650 | _adestroyed | ||
| 650 | _achurchill | ||
| 650 | _aand | ||
| 650 | _aan | ||
| 650 | _aage | ||
| 690 | _aEnglish Prose | ||
| 906 | _a062793 | ||
| 999 |
_c130227 _d130227 |
||